Central Library OPAC University of Rajshahi

Letters and memorials of Jane Welsh Carlyle / (Record no. 20542)

MARC details
000 -LEADER
fixed length control field 01028cam a22002891 4500
001 - CONTROL NUMBER
control field 20542
003 - CONTROL NUMBER IDENTIFIER
rucl marc code BD-RjUL
005 - DATE AND TIME OF LATEST TRANSACTION
control field 20211209000559.0
008 - FIXED-LENGTH DATA ELEMENTS--GENERAL INFORMATION
fixed length control field 140301s1883 enka 000 1deng
035 ## - SYSTEM CONTROL NUMBER
System control number (BD-RjUL)20604
System control number (OCoLC)2661219
040 ## - CATALOGING SOURCE
Original cataloging agency DLC
Transcribing agency FTS
Modifying agency BD-RjUL
Language of cataloging eng
041 ## - LANGUAGE CODE
Language code of text/sound track or separate title eng
082 00 - DEWEY DECIMAL CLASSIFICATION NUMBER
Classification number 826.8
Author mark and year CAL V-1 1883
100 1# - MAIN ENTRY--PERSONAL NAME
Personal name Carlyle, Jane Welsh,
Dates associated with a name 1801-1866.
9 (RLIN) 63386
245 10 - TITLE STATEMENT
Title Letters and memorials of Jane Welsh Carlyle /
Statement of responsibility, etc. Prepared for publication by Thomas Carlyle. Ed. by James Anthony Froude.
Number of part/section of a work vol. I
260 ## - PUBLICATION, DISTRIBUTION, ETC. (IMPRINT)
Place of publication, distribution, etc. London :
Name of publisher, distributor, etc. Longmans, Green,
Date of publication, distribution, etc. 1883.
300 ## - PHYSICAL DESCRIPTION
Pagination vi, 397 p. ;
Size 22 cm.
600 10 - SUBJECT ADDED ENTRY--PERSONAL NAME
Personal name Carlyle, Jane Welsh,
Dates associated with a name 1801-1866
650 #0 - SUBJECT ADDED ENTRY--TOPICAL TERM
Topical term or geographic name as entry element Women intellectuals
Geographic subdivision Great Britain
Form subdivision Correspondence.
9 (RLIN) 63388
Topical term or geographic name as entry element Authors' spouses
Geographic subdivision Great Britain
Form subdivision Correspondence.
9 (RLIN) 63389
700 1# - ADDED ENTRY--PERSONAL NAME
Personal name Carlyle, Thomas,
Dates associated with a name 1795-1881,
Relator term ed.
Personal name Froude, James Anthony,
Dates associated with a name 1818-1894,
Relator term ed.
942 ## - ADDED ENTRY ELEMENTS (KOHA)
Source of classification or shelving scheme Dewey Decimal Classification
Koha item type Books
Holdings
Lost status Source of classification or shelving scheme Damaged status Not for loan Collection code Permanent Location Current Location Shelving location Date acquired Source of acquisition Cost, normal purchase price Total Checkouts Full call number Date last seen Copy number Koha item type
  Dewey Decimal Classification   Added to bundle Fiction Central Library, University of Rajshahi Central Library, University of Rajshahi Reading Room 21/11/1956 B. H. Blackwell 1.50   826.8 CAL V-1 1883 01/03/2014 C-1 Books
  Dewey Decimal Classification   Not For Loan Non-fiction Central Library, University of Rajshahi Central Library, University of Rajshahi General Stacks 21/11/1956 B.H. blackwood 56.00   826.8 CAL V-1 1883 05/07/2025 C-1 Books